الموسوعة القرآنية الميسرة : (Record no. 12695)
[ view plain ]
| 000 -LEADER | |
|---|---|
| fixed length control field | 01049nam a22002297a 4500 |
| 005 - DATE AND TIME OF LATEST TRANSACTION | |
| control field | 20220831101156.0 |
| 008 - FIXED-LENGTH DATA ELEMENTS--GENERAL INFORMATION | |
| fixed length control field | 090825t xxu||||| |||| 00| 0 eng d |
| 020 ## - INTERNATIONAL STANDARD BOOK NUMBER | |
| International Standard Book Number | 1575479567 |
| 040 ## - CATALOGING SOURCE | |
| Original cataloging agency | EG-ScBUE |
| Transcribing agency | EG-ScBUE |
| 082 ## - DEWEY DECIMAL CLASSIFICATION NUMBER | |
| Classification number | 297.12203 |
| Item number | م و س |
| Edition number | 22 |
| 100 1# - MAIN ENTRY--PERSONAL NAME | |
| 9 (RLIN) | 8620 |
| Personal name | الزحيلي، وهبة |
| 245 ## - TITLE STATEMENT | |
| Title | الموسوعة القرآنية الميسرة : |
| Remainder of title | 1- القرآن الكريم 2- التفسير الوجيز 3- أسباب النزول 4- أحكام التجويد 5- معجم المعاني 6- معجم الكلمات 7- لمحات عن علوم القرآن / |
| Statement of responsibility, etc | وهبة الزحيلي ... واخ |
| 250 ## - EDITION STATEMENT | |
| Edition statement | .ط2 |
| 260 ## - PUBLICATION, DISTRIBUTION, ETC. (IMPRINT) | |
| Place of publication, distribution, etc | دمشق : |
| Name of publisher, distributor, etc | دار الفكر ، |
| Date of publication, distribution, etc | 2002. |
| 300 ## - PHYSICAL DESCRIPTION | |
| Extent | 997 ص : |
| Dimensions | 25 سم. |
| 500 ## - GENERAL NOTE | |
| General note | هدية دار الأوقاف والشؤون الإسلامية بدبي |
| 650 #0 - SUBJECT ADDED ENTRY--TOPICAL TERM | |
| 9 (RLIN) | 8667 |
| Topical term or geographic name as entry element | القرآن ، |
| General subdivision | تجويد |
| Source of heading or term | BUEsh |
| 650 #0 - SUBJECT ADDED ENTRY--TOPICAL TERM | |
| 9 (RLIN) | 8720 |
| Topical term or geographic name as entry element | القرآن - |
| General subdivision | أسباب نزول |
| Source of heading or term | BUEsh |
| 650 #0 - SUBJECT ADDED ENTRY--TOPICAL TERM | |
| 9 (RLIN) | 8721 |
| Topical term or geographic name as entry element | القرآن |
| Form subdivision | معاجم |
| General subdivision | أسباب نزول |
| Source of heading or term | BUEsh |
| 651 ## - SUBJECT ADDED ENTRY--GEOGRAPHIC NAME | |
| Source of heading or term | BUEsh |
| 942 ## - ADDED ENTRY ELEMENTS (KOHA) | |
| Source of classification or shelving scheme | Dewey Decimal Classification |
| Item type | Book - Borrowing |
| Withdrawn status | Item status | Source of classification or shelving scheme | Damaged status | Not for loan | Vendor | Home library | Current library | Shelving location | Date acquired | Source of acquisition | Total Checkouts | Total Renewals | Full call number | Barcode | Checked out | Date last seen | Date last borrowed | Koha item type |
|---|---|---|---|---|---|---|---|---|---|---|---|---|---|---|---|---|---|---|
| Dewey Decimal Classification | Donation-Gift | Central Library | Central Library | Lower Floor | 25/08/2009 | Purchase | 3 | 27 | 297.12203 م و س | 000017997 | 01/06/2026 | 28/03/2026 | 28/03/2026 | Book - Borrowing |